[Event "Bad Wörishofen op 2012 28th"]
[Site "Bad Wörishofen (2.3.-10.3)"]
[Date "2012.03.02"]
[Round "1.59"]
[White "De Luna Butz, Alberto"]
[Black "Lodes, Hermann"]
[Result "0-1"]
[WhiteElo "1663"]
[BlackElo "2060"]
[PlyCount "48"]
[EventDate "2012.03.??"]
[EventType "swiss"]
[EventRounds "9"]
[EventCountry "GER"]
[SourceDate "2013.02.18"]
[WhiteTeam "ESP/Spanien"]
[BlackTeam "GER/Burgsinn SF"]
[WhiteTeamCountry "ESP"]
[BlackTeamCountry "GER"]

1. d4 d5 2. Bf4 Nf6 3. e3 g6 4. Bd3 Bg7 5. Nf3 c5 6. c3 Qb6 7. Qc1 Nc6 8. Nfd2
O-O 9. h3 Nd7 10. O-O e5 11. Bxe5 Ndxe5 12. dxe5 Nxe5 13. Be2 Bf5 14. Nf3 Nc6
15. Rd1 Rfd8 16. Bd3 Be6 17. Rd2 Rac8 18. e4 d4 19. c4 h6 20. Ne1 Qc7 21. b3
Re8 22. f3 Qd8 23. Re2 Qh4 24. Kh2 Be5+ 0-1

[Event "Bad Wörishofen op 2012 28th"]
[Site "Bad Wörishofen (2.3.-10.3)"]
[Date "2012.03.02"]
[Round "1.60"]
[White "Muehlbach, Peter"]
[Black "Feicht, Roland"]
[Result "1-0"]
[WhiteElo "1995"]
[BlackElo "1565"]
[PlyCount "75"]
[EventDate "2012.03.??"]
[EventType "swiss"]
[EventRounds "9"]
[EventCountry "GER"]
[SourceDate "2013.02.18"]
[WhiteTeam "Heidelberg-Kirchheim SG"]
[BlackTeam "Augsburg Rochade SK"]

1. c4 e5 2. Nc3 Nf6 3. g3 Bc5 4. Bg2 O-O 5. d3 c6 6. Nf3 Re8 7. O-O d5 8. Nd2
Bg4 9. h3 Bf5 10. cxd5 cxd5 11. Nb3 Bb6 12. Bg5 Be6 13. Rc1 Nc6 14. Na4 Qc8 15.
Bxf6 gxf6 16. Kh2 Qd8 17. Nac5 Qe7 18. e3 f5 19. a3 Na5 20. Nxa5 Bxc5 21. d4
Bb6 22. Nb3 e4 23. Nc5 Rac8 24. b4 Rc7 25. h4 Bc8 26. Qe2 a6 27. Rg1 Kh8 28.
Qa2 Qd6 29. Rgd1 f6 30. Bf1 Rg7 31. Be2 Rd8 32. Rg1 Bxc5 33. dxc5 Qd7 34. Rg2
f4 35. exf4 Qh3+ 36. Kg1 e3 37. Qb2 exf2+ 38. Kxf2 1-0

[Event "Bad Wörishofen op 2012 28th"]
[Site "Bad Wörishofen (2.3.-10.3)"]
[Date "2012.03.02"]
[Round "1.61"]
[White "Sibler, Sebastian"]
[Black "Astengo, Corrado"]
[Result "1/2-1/2"]
[WhiteElo "1895"]
[BlackElo "2098"]
[PlyCount "45"]
[EventDate "2012.03.??"]
[EventType "swiss"]
[EventRounds "9"]
[EventCountry "GER"]
[SourceDate "2013.02.18"]
[WhiteTeam "Mülheim-Nord SV"]
[BlackTeam "ITA/Italien Milanese"]
[BlackTeamCountry "ITA"]

1. d4 d5 2. c4 e6 3. Nf3 c6 4. e3 Nf6 5. Bd3 Nbd7 6. Qc2 Bd6 7. Nc3 dxc4 8.
Bxc4 b5 9. Be2 Bb7 10. e4 e5 11. Bg5 h6 12. Bh4 Qc7 13. dxe5 Nxe5 14. Bxf6
Nxf3+ 15. Bxf3 gxf6 16. O-O-O O-O-O 17. Bg4+ Kb8 18. Bf5 Be5 19. Kb1 Rxd1+ 20.
Rxd1 Rd8 21. g3 a6 22. Ne2 Rxd1+ 23. Qxd1 1/2-1/2

[Event "Bad Wörishofen op 2012 28th"]
[Site "Bad Wörishofen (2.3.-10.3)"]
[Date "2012.03.02"]
[Round "1.62"]
[White "Bartels, Holger"]
[Black "Herrmann, Matthias(07.62)"]
[Result "1-0"]
[WhiteElo "2046"]
[BlackElo "1775"]
[PlyCount "69"]
[EventDate "2012.03.??"]
[EventType "swiss"]
[EventRounds "9"]
[EventCountry "GER"]
[SourceDate "2013.02.18"]
[WhiteTeam "Hamburg Diogenes SC"]
[BlackTeam "Karlsbad SF"]

1. e4 d5 2. exd5 Qxd5 3. Nc3 Qa5 4. d4 c6 5. Nf3 Bf5 6. Bc4 e6 7. O-O Nf6 8.
Qe2 Bb4 9. Bd2 Nbd7 10. a3 Bxc3 11. Bxc3 Qc7 12. Bd3 Bxd3 13. Qxd3 O-O 14. Rfe1
Rfe8 15. Ne5 Nf8 16. Rad1 Red8 17. Qg3 Ng6 18. b3 Nd5 19. Bb2 Qe7 20. c4 Nf6
21. h3 Qd6 22. Qf3 Nh4 23. Qd3 a5 24. Nf3 Ng6 25. Ng5 b5 26. Ne4 Nxe4 27. Qxe4
bxc4 28. bxc4 Rdb8 29. Bc1 Ra7 30. h4 Rb3 31. h5 Ne7 32. d5 exd5 33. cxd5 Nxd5
34. Rxd5 cxd5 35. Qxd5 1-0

[Event "Bad Wörishofen op 2012 28th"]
[Site "Bad Wörishofen (2.3.-10.3)"]
[Date "2012.03.02"]
[Round "1.63"]
[White "Natterer, Winfried"]
[Black "Roemhild, Marcus"]
[Result "0-1"]
[WhiteElo "1658"]
[BlackElo "2048"]
[PlyCount "112"]
[EventDate "2012.03.??"]
[EventType "swiss"]
[EventRounds "9"]
[EventCountry "GER"]
[SourceDate "2013.02.18"]
[WhiteTeam "Dietmannsried SC"]
[BlackTeam "Lippstadt Turm LSV"]

1. e4 c5 2. Nf3 g6 3. d4 cxd4 4. Nxd4 Nc6 5. Be3 Bg7 6. c4 Nf6 7. Nc3 d6 8. Be2
O-O 9. f3 Nxd4 10. Bxd4 Bd7 11. O-O a5 12. Kh1 Bc6 13. Rb1 Nd7 14. b4 axb4 15.
Rxb4 Bxd4 16. Qxd4 Qa5 17. Rb2 Nc5 18. Nd5 Bxd5 19. cxd5 Qa4 20. Qd2 Rfc8 21.
Re1 Qa5 22. Reb1 Qxd2 23. Rxd2 Ra3 24. h4 Kg7 25. Kh2 Rca8 26. Bc4 Rc3 27. Rb4
Raa3 28. Re2 Rc1 29. Rd2 Rac3 30. Bb5 Kf6 31. a4 Ra3 32. Be8 Rb3 33. Rb2 Re3
34. Bb5 Ke5 35. Rf2 Kf6 36. Rfb2 h6 37. Rf2 g5 38. hxg5+ hxg5 39. Kg3 Rh1 40.
Rfb2 Ra3 41. Rb1 Rxb1 42. Rxb1 Nxe4+ 43. Kg4 Nc3 44. Rb2 Nxd5 45. Be8 b6 46.
Bc6 Ne3+ 47. Kh3 Nc4 48. Rb4 Na5 49. Bb5 Rb3 50. Rd4 Nb7 51. Kg4 Rb2 52. g3 Nc5
53. f4 gxf4 54. Rxf4+ Kg6 55. Be8 Nd3 56. Rxf7 Ne5+ 0-1

[Event "Bad Wörishofen op 2012 28th"]
[Site "Bad Wörishofen (2.3.-10.3)"]
[Date "2012.03.02"]
[Round "1.64"]
[White "Schiffer, Steve"]
[Black "Wieczorek(vm.Bruder), Heinz"]
[Result "1/2-1/2"]
[WhiteElo "1990"]
[BlackElo "1702"]
[PlyCount "102"]
[EventDate "2012.03.??"]
[EventType "swiss"]
[EventRounds "9"]
[EventCountry "GER"]
[SourceDate "2013.02.18"]
[WhiteTeam "Darmstadt Schachforum SV"]
[BlackTeam "Nürnberg Süd SW"]

1. e4 e5 2. Nf3 Nc6 3. Bc4 Bc5 4. c3 Nf6 5. Qe2 d6 6. a4 a6 7. Bb3 O-O 8. h3 d5
9. exd5 Nxd5 10. d3 Nf4 11. Bxf4 exf4 12. O-O Re8 13. Qc2 Bf5 14. Rd1 Ne5 15.
Nxe5 Rxe5 16. Qd2 Qg5 17. d4 Rd8 18. Kh2 Re7 19. Na3 Bd6 20. f3 Qg3+ 21. Kg1
Rde8 22. Bc4 Bxa3 23. bxa3 Bxh3 24. Qf2 Qxf2+ 25. Kxf2 Bf5 26. Rd2 Re3 27. Rc1
a5 28. Re2 Bd7 29. Rxe3 fxe3+ 30. Ke2 Bxa4 31. Bd5 b6 32. c4 Kf8 33. Rc3 g6 34.
f4 Bd7 35. Rxe3 Rxe3+ 36. Kxe3 Be6 37. Ke4 Ke7 38. c5 b5 39. Bc6 b4 40. axb4
axb4 41. Kd3 f6 42. d5 Bf5+ 43. Kc4 g5 44. fxg5 fxg5 45. Kxb4 h5 46. Kc3 Kf6
47. Kd4 h4 48. d6 cxd6 49. cxd6 g4 50. Ke3 h3 51. gxh3 gxh3 1/2-1/2

[Event "Bad Wörishofen op 2012 28th"]
[Site "Bad Wörishofen (2.3.-10.3)"]
[Date "2012.03.02"]
[Round "1.65"]
[White "Koenig, Falk"]
[Black "Tichacek, Alois"]
[Result "1-0"]
[WhiteElo "1949"]
[BlackElo "1559"]
[PlyCount "67"]
[EventDate "2012.03.??"]
[EventType "swiss"]
[EventRounds "9"]
[EventCountry "GER"]
[SourceDate "2013.02.18"]
[WhiteTeam "Vonkeln SF"]
[BlackTeam "Marktoberdorf SK"]

1. e4 c5 2. c3 Nc6 3. d4 cxd4 4. cxd4 d6 5. d5 Ne5 6. f4 Nd7 7. Nc3 a6 8. Nf3
g6 9. Be3 Bg7 10. Qa4 Ngf6 11. Rc1 O-O 12. h3 b6 13. b4 Bb7 14. Qb3 Rc8 15. Bd3
Ne8 16. O-O Nc7 17. Nd4 Ne8 18. Rc2 Bh6 19. Re1 Kh8 20. Ree2 Bg7 21. g4 b5 22.
a4 bxa4 23. Nxa4 Rxc2 24. Rxc2 Nc7 25. Nc6 Bxc6 26. Rxc6 Nb5 27. Rxa6 Nd4 28.
Qc4 Nf3+ 29. Kf2 Nh4 30. Ra7 e6 31. Qc7 Nf6 32. Qxd8 Rxd8 33. Kg3 g5 34. fxg5
1-0

[Event "Bad Wörishofen op 2012 28th"]
[Site "Bad Wörishofen (2.3.-10.3)"]
[Date "2012.03.02"]
[Round "1.66"]
[White "Ries, Heinz-Gerd Dr"]
[Black "Schmitzer, Peter"]
[Result "0-1"]
[WhiteElo "1740"]
[BlackElo "1992"]
[PlyCount "44"]
[EventDate "2012.03.??"]
[EventType "swiss"]
[EventRounds "9"]
[EventCountry "GER"]
[SourceDate "2013.02.18"]
[WhiteTeam "Muengersdorf SF"]
[BlackTeam "München RTA"]

1. d4 Nf6 2. Nf3 e6 3. c4 b6 4. Nc3 Bb7 5. e3 Be7 6. Be2 O-O 7. O-O d5 8. cxd5
exd5 9. Ne5 Nbd7 10. Nxd7 Qxd7 11. a4 a6 12. Bd2 Bd6 13. h3 Rad8 14. Qb3 Ne4
15. Nxe4 dxe4 16. Rfd1 Qe7 17. Rac1 Bc8 18. Bg4 Bxg4 19. hxg4 Qh4 20. g3 Bxg3
21. fxg3 Qxg3+ 22. Kf1 Qf3+ 0-1

[Event "Bad Wörishofen op 2012 28th"]
[Site "Bad Wörishofen (2.3.-10.3)"]
[Date "2012.03.02"]
[Round "1.67"]
[White "Klamp, Christoph"]
[Black "Dahmen, Juergen"]
[Result "1-0"]
[WhiteElo "2024"]
[BlackElo "1674"]
[PlyCount "33"]
[EventDate "2012.03.??"]
[EventType "swiss"]
[EventRounds "9"]
[EventCountry "GER"]
[SourceDate "2013.02.18"]
[WhiteTeam "Darmstadt Schachforum SV"]
[BlackTeam "Wolfbusch SV"]

1. e4 c5 2. Nf3 e6 3. d4 cxd4 4. Nxd4 a6 5. Nc3 d6 6. Be3 Nf6 7. f3 Be7 8. Qd2
Nbd7 9. g4 O-O 10. O-O-O Qc7 11. h4 b5 12. h5 Bb7 13. g5 Ne8 14. g6 Nef6 15. h6
fxg6 16. Nxe6 Qc8 17. Nxf8 1-0

[Event "Bad Wörishofen op 2012 28th"]
[Site "Bad Wörishofen (2.3.-10.3)"]
[Date "2012.03.02"]
[Round "1.68"]
[White "Stoll, Katja"]
[Black "Guenther, Thomas(63)"]
[Result "0-1"]
[WhiteElo "1711"]
[BlackElo "1977"]
[PlyCount "80"]
[EventDate "2012.03.??"]
[EventType "swiss"]
[EventRounds "9"]
[EventCountry "GER"]
[SourceDate "2013.02.18"]
[WhiteTeam "Ulm Weisse Dame SC"]
[BlackTeam "Berlin Lichtenrade SC"]

1. e4 c5 2. Nf3 Nc6 3. d4 cxd4 4. Nxd4 Qb6 5. Nb3 Nf6 6. Nc3 e6 7. Be3 Qc7 8.
a3 a6 9. Be2 b5 10. f3 b4 11. axb4 Nxb4 12. O-O Be7 13. Qd2 d5 14. exd5 Nfxd5
15. Nxd5 Nxd5 16. Bf2 Bd6 17. g3 O-O 18. Nd4 Bb7 19. Qa5 Qe7 20. Qd2 Rfc8 21.
c3 Nc7 22. Rfe1 Bc5 23. Be3 Qd7 24. Bf2 Qd6 25. Rad1 Rd8 26. Qc2 e5 27. Nf5
Bxf2+ 28. Kxf2 Qc5+ 29. Kg2 g6 30. Nh6+ Kg7 31. Ng4 f6 32. Qc1 g5 33. Nf2 Nd5
34. Rd3 Ne7 35. Rdd1 Rxd1 36. Rxd1 Qc6 37. Ne4 Nf5 38. Qd2 g4 39. Qd3 h5 40.
Nd2 Nd6 0-1

[Event "Bad Wörishofen op 2012 28th"]
[Site "Bad Wörishofen (2.3.-10.3)"]
[Date "2012.03.02"]
[Round "1.69"]
[White "De Andres Gonalons, Fernando"]
[Black "Funke, Joerg-Dietmar"]
[Result "1/2-1/2"]
[WhiteElo "2012"]
[BlackElo "1729"]
[PlyCount "60"]
[EventDate "2012.03.??"]
[EventType "swiss"]
[EventRounds "9"]
[EventCountry "GER"]
[SourceDate "2013.02.18"]
[WhiteTeam "ESP/Spanien"]
[BlackTeam "Naunhof SC"]
[WhiteTeamCountry "ESP"]

1. d4 e6 2. c4 Nf6 3. Nf3 Bb4+ 4. Bd2 Bxd2+ 5. Qxd2 b6 6. Nc3 Bb7 7. Qc2 d5 8.
cxd5 exd5 9. e3 O-O 10. Bd3 h6 11. O-O Nbd7 12. Rfc1 c5 13. Bf5 cxd4 14. exd4
Re8 15. Re1 a6 16. Qb3 Rxe1+ 17. Rxe1 Nf8 18. Ne5 Qd6 19. Na4 b5 20. Nc5 Bc8
21. Qh3 Bxf5 22. Qxf5 Re8 23. h3 Ne6 24. Nxe6 Qxe6 25. Qxe6 Rxe6 26. Rc1 Ne8
27. Kf1 f6 28. Nf3 Kf7 29. Rc5 Rd6 30. Ke2 g5 1/2-1/2

[Event "Bad Wörishofen op 2012 28th"]
[Site "Bad Wörishofen (2.3.-10.3)"]
[Date "2012.03.02"]
[Round "1.70"]
[White "Mircoli, Filippo"]
[Black "Jameson, David"]
[Result "0-1"]
[WhiteElo "1491"]
[BlackElo "2067"]
[PlyCount "50"]
[EventDate "2012.03.??"]
[EventType "swiss"]
[EventRounds "9"]
[EventCountry "GER"]
[SourceDate "2013.02.18"]
[WhiteTeam "ITA/Italien"]
[BlackTeam "Starnberg SC"]
[WhiteTeamCountry "ITA"]

1. e4 e5 2. Nf3 Nc6 3. Bb5 a6 4. Ba4 Nf6 5. O-O Nxe4 6. Re1 Nc5 7. Bxc6 dxc6 8.
Nxe5 Be7 9. d3 O-O 10. Nc3 f6 11. Nf3 Bg4 12. Be3 Re8 13. h3 Bh5 14. g4 Bf7 15.
Nd4 Qd7 16. Nf5 Bf8 17. Qf3 Rad8 18. Rad1 Bd5 19. Nxd5 Qxd5 20. Qg3 Ne6 21. f3
g6 22. Nh4 Bd6 23. Qg2 Re7 24. Bh6 Rde8 25. Qe2 Bg3 0-1

[Event "Bad Wörishofen op 2012 28th"]
[Site "Bad Wörishofen (2.3.-10.3)"]
[Date "2012.03.02"]
[Round "1.71"]
[White "Schweizer, Manfred(59)"]
[Black "Gajewski, Richard"]
[Result "1-0"]
[WhiteElo "2004"]
[BlackElo "1681"]
[PlyCount "65"]
[EventDate "2012.03.??"]
[EventType "swiss"]
[EventRounds "9"]
[EventCountry "GER"]
[SourceDate "2013.02.18"]
[WhiteTeam "Memmingen Post SV"]
[BlackTeam "Gunzenhausen FC"]

1. Nf3 e6 2. g3 Be7 3. Bg2 c6 4. e4 d6 5. d4 Nd7 6. O-O h5 7. h4 Ngf6 8. e5 Ng4
9. Qe2 dxe5 10. dxe5 Bc5 11. Nc3 Qc7 12. Bf4 b5 13. Ne4 Qb6 14. Rfd1 f6 15.
exf6 Ndxf6 16. Nxc5 Qxc5 17. Bd6 Qb6 18. Nd4 Bd7 19. Nxe6 Kf7 20. Bc5 Qb7 21.
Ng5+ Kg8 22. Qe7 Rh6 23. f3 Re8 24. Qf7+ Kh8 25. fxg4 hxg4 26. Bf8 Nh5 27.
Bxg7+ Nxg7 28. Rxd7 Qb6+ 29. Kh1 Rg8 30. Qf4 Rg6 31. Nf7+ Kh7 32. Be4 c5 33.
Qh6# 1-0

[Event "Bad Wörishofen op 2012 28th"]
[Site "Bad Wörishofen (2.3.-10.3)"]
[Date "2012.03.02"]
[Round "1.72"]
[White "Bangert, Ruediger"]
[Black "Santl, Anton"]
[Result "0-1"]
[WhiteElo "1463"]
[BlackElo "2002"]
[PlyCount "46"]
[EventDate "2012.03.??"]
[EventType "swiss"]
[EventRounds "9"]
[EventCountry "GER"]
[SourceDate "2013.02.18"]
[WhiteTeam "GER/Erlangen Siemens SG"]
[BlackTeam "München SU"]
[WhiteTeamCountry "GER"]

1. c4 e5 2. Nc3 Nf6 3. Nf3 Nc6 4. d4 exd4 5. Nxd4 Bc5 6. e3 O-O 7. Nxc6 bxc6 8.
Be2 d5 9. O-O Be6 10. Bf3 Qd7 11. Na4 Bd6 12. c5 Be5 13. Qe2 a5 14. Rd1 Qe7 15.
Bd2 Rab8 16. e4 dxe4 17. Bxe4 Nxe4 18. Qxe4 Bd5 19. Qg4 Qf6 20. Bg5 Qg6 21. f3
Rb4 22. Bf4 Qxg4 23. fxg4 Bxf4 0-1

[Event "Bad Wörishofen op 2012 28th"]
[Site "Bad Wörishofen (2.3.-10.3)"]
[Date "2012.03.02"]
[Round "1.73"]
[White "Dietsche, Birgit"]
[Black "Kuempers, Ulrich"]
[Result "0-1"]
[WhiteElo "1305"]
[BlackElo "1946"]
[PlyCount "84"]
[EventDate "2012.03.??"]
[EventType "swiss"]
[EventRounds "9"]
[EventCountry "GER"]
[SourceDate "2013.02.18"]
[WhiteTeam "DBSB (Blindenschachbund)"]
[BlackTeam "München Tarrasch SC"]

1. d4 Nf6 2. Nf3 g6 3. Bf4 Bg7 4. e3 O-O 5. Nbd2 c5 6. c3 b6 7. Ne5 Bb7 8. Nef3
d6 9. Nc4 Nbd7 10. Bd3 b5 11. Nxd6 exd6 12. Bxd6 Re8 13. dxc5 a6 14. O-O Rc8
15. b4 Ne4 16. Bxe4 Rxe4 17. Nd4 Ne5 18. Bxe5 Bxe5 19. h3 Qf6 20. Rc1 Rh4 21.
Nf3 Bxf3 22. Qxf3 Qxf3 23. gxf3 Rc4 24. Rc2 Bxc3 25. Rfc1 Bxb4 26. Rxc4 bxc4
27. Rxc4 Bxc5 28. Ra4 Rc6 29. Re4 Kf8 30. f4 a5 31. a4 Bb4 32. Kg2 Rc2 33. Rd4
Be1 34. Kf1 Bxf2 35. Re4 Bh4 36. Kg1 Ra2 37. f5 Bf6 38. fxg6 hxg6 39. Rf4 Be7
40. Rc4 Bb4 41. e4 Rxa4 42. e5 Ra3 0-1

[Event "Bad Wörishofen op 2012 28th"]
[Site "Bad Wörishofen (2.3.-10.3)"]
[Date "2012.03.02"]
[Round "1.74"]
[White "Engl, Heinz"]
[Black "Rennenkampff, Juergen"]
[Result "1-0"]
[WhiteElo "2021"]
[BlackElo "1678"]
[PlyCount "129"]
[EventDate "2012.03.??"]
[EventType "swiss"]
[EventRounds "9"]
[EventCountry "GER"]
[SourceDate "2013.02.18"]
[WhiteTeam "München Blinden SC (DBSB)"]
[BlackTeam "Trudering SC"]

1. e4 e5 2. Nf3 Nc6 3. Nc3 Nf6 4. a3 Be7 5. Nxe5 Nxe5 6. d4 Nxe4 7. Nxe4 d5 8.
Ng3 Ng6 9. Bd3 O-O 10. Be3 Be6 11. Qh5 Qd7 12. Nf5 Bf6 13. O-O-O c5 14. dxc5 d4
15. Be4 Bxf5 16. Bxf5 Qb5 17. Bg5 Bxg5+ 18. Qxg5 Rad8 19. Bd3 Qc6 20. f4 h6 21.
Qg3 Qxc5 22. Rhe1 Ne7 23. Re5 Rd5 24. Rde1 Rxe5 25. Rxe5 Qc7 26. Qf2 Nc6 27.
Re4 a6 28. Qe2 Qd7 29. g4 Na5 30. g5 hxg5 31. fxg5 g6 32. h4 Nc6 33. Kb1 Kg7
34. h5 gxh5 35. Qxh5 Rh8 36. Qf3 Rh3 37. Qf6+ Kg8 38. g6 Rh1+ 39. Ka2 Nb4+ 40.
Kb3 Nxd3 41. Qxf7+ Qxf7+ 42. gxf7+ Kxf7 43. cxd3 Rc1 44. Rxd4 Rc7 45. Re4 Kf6
46. Kb4 Kf5 47. Ka5 Rc5+ 48. Kb4 b6 49. Rc4 Re5 50. Rc6 Re6 51. Rxe6 Kxe6 52.
Kc4 Kd6 53. a4 Ke6 54. b4 Kd6 55. Kd4 Kc6 56. Ke4 Kd6 57. d4 Ke6 58. d5+ Kd6
59. Kd4 Kd7 60. Ke5 Ke7 61. d6+ Kd7 62. Kd5 Kd8 63. Kc6 a5 64. b5 Kc8 65. Kxb6
1-0

[Event "Bad Wörishofen op 2012 28th"]
[Site "Bad Wörishofen (2.3.-10.3)"]
[Date "2012.03.02"]
[Round "1.75"]
[White "Lindenmair, Anton"]
[Black "Perlitz, Heiko"]
[Result "1-0"]
[WhiteElo "1975"]
[BlackElo "1540"]
[PlyCount "43"]
[EventDate "2012.03.??"]
[EventType "swiss"]
[EventRounds "9"]
[EventCountry "GER"]
[SourceDate "2013.02.18"]
[WhiteTeam "DBSB (Blindenschachbund)"]
[BlackTeam "Memmingen Post SV"]

1. d4 d5 2. Nf3 e6 3. c4 c6 4. Qc2 Nf6 5. g3 Bb4+ 6. Bd2 Bd6 7. Bg2 O-O 8. O-O
Nbd7 9. Bc3 Ne4 10. Nbd2 f5 11. Rad1 Ndf6 12. Ne5 Bd7 13. f3 Nxc3 14. bxc3 Qc7
15. Nxd7 Qxd7 16. e4 fxe4 17. fxe4 Nxe4 18. Nxe4 dxe4 19. Bxe4 h6 20. Qe2 Qc7
21. Qg4 Rae8 22. Qg6 1-0

[Event "Bad Wörishofen op 2012 28th"]
[Site "Bad Wörishofen (2.3.-10.3)"]
[Date "2012.03.02"]
[Round "1.76"]
[White "Donchenko, Anatoly"]
[Black "Pohlers, Juergen"]
[Result "1-0"]
[WhiteElo "2306"]
[BlackElo "1875"]
[PlyCount "45"]
[EventDate "2012.03.??"]
[EventType "swiss"]
[EventRounds "9"]
[EventCountry "GER"]
[SourceDate "2013.02.18"]
[WhiteTeam "Giessen SK"]
[BlackTeam "Leipzig Allianz BSV(DBSB)"]

1. Nf3 d5 2. d4 Nf6 3. c4 c6 4. Qc2 g6 5. cxd5 cxd5 6. Nc3 Nc6 7. Bf4 Qb6 8. e3
Bf5 9. Qb3 Qxb3 10. axb3 Bg7 11. Ne5 O-O 12. Be2 Rfd8 13. g4 Be6 14. f3 Nd7 15.
Nd3 f6 16. b4 Bf7 17. b5 Ncb8 18. Nb4 Kf8 19. Bc7 Rc8 20. b6 a6 21. Nb5 e6 22.
Kd2 Ke8 23. Nd6+ 1-0

[Event "Bad Wörishofen op 2012 28th"]
[Site "Bad Wörishofen (2.3.-10.3)"]
[Date "2012.03.02"]
[Round "1.77"]
[White "Humburg, Eduard"]
[Black "Schellmann, Frank"]
[Result "0-1"]
[WhiteElo "1179"]
[BlackElo "2004"]
[PlyCount "72"]
[EventDate "2012.03.??"]
[EventType "swiss"]
[EventRounds "9"]
[EventCountry "GER"]
[SourceDate "2013.02.18"]
[WhiteTeam "Wolfratshausen SC"]
[BlackTeam "Halle Einheit SC"]

1. c4 f5 2. d4 Nf6 3. Nc3 d6 4. Bf4 g6 5. Nf3 Bg7 6. Ng5 h6 7. Qa4+ c6 8. Nf3
g5 9. Bd2 Nbd7 10. d5 Nc5 11. Qc2 Nfe4 12. Nxe4 Nxe4 13. Bc3 Nxc3 14. bxc3 Qa5
15. Rc1 cxd5 16. e3 O-O 17. Bd3 e5 18. Be2 d4 19. Qb3 d3 20. c5+ Kh8 21. Bxd3
e4 22. Be2 exf3 23. Bxf3 dxc5 24. O-O Rb8 25. Bd5 b5 26. c4 Ba6 27. Qd3 bxc4
28. Bxc4 Bxc4 29. Qxc4 Rb2 30. a3 Qxa3 31. Ra1 Qb4 32. Qxb4 Rxb4 33. g3 Ra8 34.
Rfd1 a5 35. Rd5 a4 36. Rxc5 Bxa1 0-1

[Event "Bad Wörishofen op 2012 28th"]
[Site "Bad Wörishofen (2.3.-10.3)"]
[Date "2012.03.02"]
[Round "1.78"]
[White "Ellinger, Peter"]
[Black "Kuijf, Marinus"]
[Result "0-1"]
[WhiteElo "1923"]
[BlackElo "2393"]
[PlyCount "20"]
[EventDate "2012.03.??"]
[EventType "swiss"]
[EventRounds "9"]
[EventCountry "GER"]
[SourceDate "2013.02.18"]
[WhiteTeam "Lister Turm SK(DBSB)"]
[BlackTeam "Münster 32 SK"]

1. e4 e6 2. d4 d5 3. Nd2 a6 4. Ngf3 Nf6 5. Bd3 c5 6. c3 Nc6 7. O-O g5 8. h3 h5
9. a4 Be7 10. Qe2 g4 0-1

[Event "Bad Wörishofen op 2012 28th"]
[Site "Bad Wörishofen (2.3.-10.3)"]
[Date "2012.03.02"]
[Round "1.79"]
[White "Steinhart, Matthias"]
[Black "Reitz, Rolf"]
[Result "0-1"]
[WhiteElo "1586"]
[BlackElo "1957"]
[PlyCount "48"]
[EventDate "2012.03.??"]
[EventType "swiss"]
[EventRounds "9"]
[EventCountry "GER"]
[SourceDate "2013.02.18"]
[WhiteTeam "DBSB (Blindenschachbund)"]
[BlackTeam "Sülz-Klettenberg SK"]

1. e4 e5 2. Nf3 Nc6 3. Bb5 f5 4. Nc3 Nf6 5. Qe2 d6 6. exf5 Qe7 7. d4 Bd7 8.
Bxc6 Bxc6 9. dxe5 dxe5 10. O-O e4 11. Nd4 Bd7 12. Bg5 O-O-O 13. Nd5 Qe5 14.
Nxf6 gxf6 15. Be3 Bd6 16. g3 h5 17. Nb3 Rdg8 18. f4 Qe8 19. a4 h4 20. a5 h3 21.
Kh1 a6 22. Nd4 c5 23. Rg1 cxd4 24. Bxd4 e3 0-1

[Event "Bad Wörishofen op 2012 28th"]
[Site "Bad Wörishofen (2.3.-10.3)"]
[Date "2012.03.02"]
[Round "1.80"]
[White "Stull, Norbert"]
[Black "Puetz, Peter(51)"]
[Result "1/2-1/2"]
[WhiteElo "1912"]
[BlackElo "1437"]
[PlyCount "63"]
[EventDate "2012.03.??"]
[EventType "swiss"]
[EventRounds "9"]
[EventCountry "GER"]
[SourceDate "2013.02.18"]
[WhiteTeam "FRA/Frankreich Differdange"]
[BlackTeam "Hennef SV"]
[WhiteTeamCountry "FRA"]

1. d4 Nf6 2. Nf3 e6 3. c4 c5 4. d5 exd5 5. cxd5 d6 6. Nc3 g6 7. e4 Bg7 8. Bb5+
Nbd7 9. a4 O-O 10. O-O a6 11. Bd3 Re8 12. Bf4 Ne5 13. Nxe5 dxe5 14. Be3 b6 15.
h3 Nd7 16. Qe2 Qe7 17. Rfd1 h6 18. Qc2 Nf6 19. d6 Qd8 20. a5 b5 21. Bxc5 Be6
22. Bf1 Rc8 23. Bb6 Qd7 24. Bc7 Rf8 25. Qd3 Bb3 26. Rdc1 Bc4 27. Qe3 Be6 28.
Qb6 Ra8 29. f3 Nh5 30. Ne2 f5 31. Rc6 fxe4 32. fxe4 1/2-1/2

[Event "Bad Wörishofen op 2012 28th"]
[Site "Bad Wörishofen (2.3.-10.3)"]
[Date "2012.03.02"]
[Round "1.81"]
[White "Sauerwein, Martin"]
[Black "Heinich, Manfred"]
[Result "0-1"]
[WhiteElo "1334"]
[BlackElo "1939"]
[PlyCount "84"]
[EventDate "2012.03.??"]
[EventType "swiss"]
[EventRounds "9"]
[EventCountry "GER"]
[SourceDate "2013.02.18"]
[WhiteTeam "Kaufbeuren SC"]
[BlackTeam "München Blinden SC (DBSB)"]

1. d4 Nf6 2. c4 c5 3. d5 b5 4. b3 bxc4 5. bxc4 g6 6. Bb2 Bg7 7. g3 O-O 8. Bg2
d6 9. Nd2 Nbd7 10. Ngf3 Rb8 11. Bc3 Nb6 12. Rb1 Bf5 13. Rb3 Qd7 14. Bxf6 Bxf6
15. e4 Bh3 16. O-O Bxg2 17. Kxg2 Qa4 18. Qc2 Nd7 19. Rfb1 Rb6 20. Ne1 Qa5 21.
Rb5 Qc3 22. R1b3 Qxc2 23. Nxc2 Rfb8 24. Rxb6 Rxb6 25. Rxb6 Nxb6 26. f4 Bc3 27.
Nf3 Nxc4 28. Kf2 Nd2 29. Nxd2 Bxd2 30. Kf3 e6 31. Ke2 Bc1 32. Kd3 exd5 33. exd5
Kg7 34. Kc4 a6 35. Kb3 Kf6 36. Ka4 Kf5 37. Ka5 Ke4 38. Kxa6 Kxd5 39. a4 Kc6 40.
a5 d5 41. Ka7 d4 42. Kb8 Kb5 0-1

[Event "Bad Wörishofen op 2012 28th"]
[Site "Bad Wörishofen (2.3.-10.3)"]
[Date "2012.03.02"]
[Round "1.82"]
[White "Fischer, Peter(57)"]
[Black "Baeuml, Ulrich"]
[Result "0-1"]
[WhiteElo "1436"]
[BlackElo "2044"]
[PlyCount "44"]
[EventDate "2012.03.??"]
[EventType "swiss"]
[EventRounds "9"]
[EventCountry "GER"]
[SourceDate "2013.02.18"]
[WhiteTeam "Memmingen Post SV"]
[BlackTeam "Dillingen SC"]

1. e4 c5 2. Nf3 e6 3. d4 cxd4 4. Nxd4 a6 5. Be3 Qc7 6. Nc3 Nf6 7. a3 Be7 8. Be2
O-O 9. O-O b5 10. f3 Bb7 11. Nb3 d5 12. exd5 Nxd5 13. Nxd5 Bxd5 14. Rc1 Rd8 15.
Qe1 Nd7 16. Qf2 Rac8 17. f4 Bf6 18. Bd4 Qd6 19. Bxf6 Nxf6 20. Bd3 Bxb3 21.
Bxh7+ Nxh7 22. Qh4 Qd4+ 0-1